00205nam a2200097Ia 4500100002000000654001200020245002100032260003400053300000800087546001200095 aHerstein/ I.N.  aalgebra aAbstract algebra bMacmillan pubaNew Yorkc1990 a293 aENGLISH